| 000 | 02990cam a22011534i 4500 | ||
|---|---|---|---|
| 003 | PE-LiUPU | ||
| 005 | 20250813185638.0 | ||
| 008 | 150616s r 000 0 d | ||
| 035 | _a(Sirsi) a5898 | ||
| 040 |
_aPE-LiUPU _bspa _cPE-LiUPU _erda |
||
| 049 | _aPRUA | ||
| 082 | 0 | 4 |
_a375.52 _bM74 _221 |
| 100 |
_aDe Ferra, María Adela. _eautor. _96102 |
||
| 245 | 0 | 0 |
_aEscuela Práctica Para Maestros. / _cpor María Adela de Ferra. |
| 264 | 1 |
_aBuenos Aires : _bLibra Editora, _c1968. |
|
| 300 |
_a318 páginas ; _c25 cm. |
||
| 336 |
_atext _2rdacontent |
||
| 337 |
_aunmediated _2rdamedia |
||
| 338 |
_avolume _2rdacarrier |
||
| 505 | 0 | _aPeríodos en la formación de maestros primarios -- Período empírico -- Formación tradicional de maestros en algunos países de Europa y América -- Formación actual del magisterio en el mundo -- Analogías y diferencias que presenta la formación de maestros en diversos países -- Cómo preparan sus maestros algunos países de América, de Europa y de Oriente -- Estadísticas, países en que faltan maestros -- El año lectivo -- Las jubilaciones -- La educación en la República Argentina. | |
| 526 | _aP202 | ||
| 526 | _aP201 | ||
| 526 | _aP163 | ||
| 526 | _aP162 | ||
| 526 | _aP161 | ||
| 526 | _aP160 | ||
| 526 | _aP148 | ||
| 526 | _aP147 | ||
| 526 | _aP146 | ||
| 526 | _aP145 | ||
| 526 | _aP144 | ||
| 526 | _aP143 | ||
| 526 | _aP142 | ||
| 526 | _aP141 | ||
| 526 | _aP140 | ||
| 526 | _aP139 | ||
| 526 | _aP138 | ||
| 526 | _aP137 | ||
| 526 | _aP136 | ||
| 526 | _aP135 | ||
| 526 | _aP134 | ||
| 526 | _aP133 | ||
| 526 | _aP129 | ||
| 526 | _aP128 | ||
| 526 | _aP127 | ||
| 526 | _aP120 | ||
| 526 | _aP119 | ||
| 526 | _aP118 | ||
| 526 | _aP116 | ||
| 526 | _aP115 | ||
| 526 | _aP114 | ||
| 526 | _aP110 | ||
| 526 | _aP109 | ||
| 526 | _aP108 | ||
| 526 | _aP104 | ||
| 526 | _aP103 | ||
| 526 | _aP102 | ||
| 526 | _aP99 | ||
| 526 | _aP98 | ||
| 526 | _aP97 | ||
| 526 | _aP96 | ||
| 526 | _aP95 | ||
| 526 | _aP93 | ||
| 526 | _aP90 | ||
| 526 | _aP89 | ||
| 526 | _aP88 | ||
| 526 | _aP83 | ||
| 526 | _aP82 | ||
| 526 | _aP62 | ||
| 526 | _aP59 | ||
| 526 | _aP58 | ||
| 526 | _aP57 | ||
| 526 | _aP51 | ||
| 526 | _aP49 | ||
| 526 | _aP48 | ||
| 526 | _aP47 | ||
| 526 | _aP29 | ||
| 526 | _aP24 | ||
| 526 | _aP20 | ||
| 526 | _aP19 | ||
| 526 | _aP17 | ||
| 526 | _aP15 | ||
| 526 | _aP14 | ||
| 526 | _aP12 | ||
| 526 | _aP10 | ||
| 526 | _aP09 | ||
| 526 | _aP08 | ||
| 526 | _aP07 | ||
| 526 | _aP06 | ||
| 526 | _aP05 | ||
| 526 | _aP04 | ||
| 526 | _aP01 | ||
| 650 | 0 | 4 | _aFORMACION PROFESIONAL DE EDUCADORES (Educación PRIMARIA). |
| 910 | _ajck | ||
| 942 |
_2ddc _cBOOK |
||
| 949 |
_a375.52 M74 _wDEWEY _c1 _i09573 _lCCODEBUL1 _mBUL _p00.00 _r0 _sY _tBOOK _u19950918 _xTEOLOGIA _zUNKNOWN _0COMPRA _o.STAFF. Colección General |
||
| 999 |
_c56973 _d56973 |
||
| 980 |
_81 _gALBERTO SANCHEZ Responsable de Automatización |
||